1032 1162 1259 1547 1143 1850 1008 1759 1412 1648 1109 1768 1543 1118 1484 1372 1673 1791 1562 1768 1735 1206 1335 1984 1983 1179 1639 1982 1173 1434 1560 1174 1340 1164 1303 1607 1549 1782 1779 1631 1397 1855 1757 1217 1937 1588 1458 1729 1729 1701 1825 1070 1122 1257 1618 1663 1699 1050 1354 1385 1920 1787 1736 1175 1408 1496 1184 1607 1420 1207 1754 1052 1388 1908 1371 1032 1266 1668 1334 1466 1720 1976 1529 1210 1447 1987 1289 1653 1142 1419 1853 1805 1270 1120 1317 1346 1548 1942 1904 BCNSPRNW ULIB Ver.6.0+V

เปลี่ยนเป็นภาษาไทย

Change to English
 แสดงรายละเอียดบรรณานุกรม
  กลับหน้าหลัก

Brief Record : Get Marc (ISO 2709) : E-mail record : QR code < ปิดหน้าต่าง
LEADER : 00000nam 2200000uu 4500
001    13399108820
003     ULIB
008    110315s2552||||th 000 0 tha d
020    9789749922910
060 04 W84^bช576ค 2552
245 00 คู่มือทักษะการสื่อสารสำหรับบุคลากรทางการแพทย์ /^c[บรรณาธิการ] ชิษณุ พันธุ์เจริญ, จรุงจิตร์ งามไพบูลย์
246 24 คู่มือทักษะการสื่อสารสำหรับบุคลากรทางการแพทย์ :^bฉบับพกพา
260    กรุงเทพฯ :^bศูนย์ฝึกอบรมทักษะการสื่อสาร ฝ่ายกุมารเวชศาสตร์โรงพยาบาลจุฬาลงกรณ์,^c2552
300    187 หน้า :^bภาพประกอบ ;^c19 ซม.
650  7 การสื่อสารทางการแพทย์^vคู่มือ
650  7 ผู้ป่วย^xการให้คำปรึกษา
700 0  ชิษณุ พันธุ์เจริญ,^eบรรณาธิการ
700 0  จรุงจิตร์ งามไพบูลย์,^eบรรณาธิการ
710 2  โรงพยาบาลจุฬาลงกรณ์. ^bฝ่ายกุมารเวชศาสตร์.^bศูนย์ฝึกอบรมทักษะการสื่อสาร
945    ^p90^l0^i027258
945    ^p90^l0^i026416
945    ^p90^l0^i026417
995    ทศพร
999 ^a ใช้งานได้ทุกระบบ
รายการนี้ยังไม่มีแท็ก
คุณยังไม่ได้ล็อกอิน คุณสามารถมีกิจกรรมร่วมกับเว็บไซต์ได้ แต่ต้องล็อกอินก่อน ::
  ล็อกอิน

รายการสื่อสารสนเทศ

ลำดับที่ ประเภท เลขเรียก/บาร์โค้ด สถานที่ สถานะ
- ไม่พบข้อมูล -

BibComment


ยังไม่เคยถูกคอมเมนท์

คอมเมนท์ทรัพยากรรายการนี้
  คอมเมนท์: คู่มือทักษะการสื่..


 Copyright 2026. Bcnsprnw @Library